MARC details
| 000 -CABECERA |
| campo de control de longitud fija |
01060nam a2200265 a 4500 |
| 005 - FECHA Y HORA DE LA ÚLTIMA TRANSACCIÓN |
| campo de control |
20210223130637.0 |
| 008 - ELEMENTOS DE LONGITUD FIJA--INFORMACIÓN GENERAL |
| campo de control de longitud fija |
080925s1990 mx r 000 0 spa d |
| 035 ## - NÚMERO DE CONTROL DEL SISTEMA |
| Número de control de sistema |
UPN01000160965 |
| 049 ## - COLECCIÓN |
| Colección |
UNE |
| 080 ## - NÚMERO DE CLASIFICACIÓN DECIMAL UNIVERSAL |
| Número de la Clasificación Decimal Universal |
37.014. 542 (82) FER. |
| 100 1# - ASIENTO PRINCIPAL--NOMBRE PERSONAL |
| Nombre de persona |
Fernández Lamarra, Norberto |
| 9 (RLIN) |
36809 |
| 245 13 - MENCIÓN DE TÍTULO |
| Título |
La Planificación y la administración en el marco de la transformación y democratización de la educación en la Argentina: experiencias, problemas, perspectivas / |
| Mención de responsabilidad, etc. |
Norberto Fernández Lamarra. |
| 260 ## - PUBLICACIÓN, DISTRIBUCIÓN, ETC. |
| Lugar de publicación, distribución, etc. |
Buenos Aires : |
| Nombre del editor, distribuidor, etc. |
UNESCO, |
| Fecha de publicación, distribución, etc. |
1990. |
| 300 ## - DESCRIPCIÓN FÍSICA |
| Extensión |
55 p. |
| 440 #0 - MENCIÓN DE SERIE/ASIENTO SECUNDARIO--TÍTULO |
| Título |
ED-90/CONF-401/CONF-36 |
| 500 ## - NOTA GENERAL |
| Nota general |
Incluye bibliografía. |
| 690 ## - PUNTO DE ACCESO ADICIONAL DE MATERIA LOCAL--TÉRMINO DE MATERIA (OCLC, RLIN) |
| Término de materia o nombre geográfico como elemento inicial |
Planificacion y administracion de la educacion- Argentina |
| 690 ## - PUNTO DE ACCESO ADICIONAL DE MATERIA LOCAL--TÉRMINO DE MATERIA (OCLC, RLIN) |
| Término de materia o nombre geográfico como elemento inicial |
Democratizacion de la educacion- Argentina |
| 690 ## - PUNTO DE ACCESO ADICIONAL DE MATERIA LOCAL--TÉRMINO DE MATERIA (OCLC, RLIN) |
| Término de materia o nombre geográfico como elemento inicial |
Argentina- Planificacion de la educacion |
| 700 1# - ASIENTO SECUNDARIO--NOMBRE DE PERSONAL |
| Nombre de persona |
Jardelevsky, Alberto |
| 710 2# - ASIENTO SECUNDARIO - NOMBRE CORPORATIVO |
| Nombre de entidad corporativa o nombre de jurisdicción como elemento de entrada |
Velázquez, Mirta |
| 711 2# - ASIENTO SECUNDARIO - NOMBRE DE REUNIÓN |
| Nombre de congreso/reunión o jurisdicción como elemento de entrada |
Congreso Internacional "Planeamiento y Gestión del Desarrollo de la Educación", 1990 : México. |
| 710 2# - ASIENTO SECUNDARIO - NOMBRE CORPORATIVO |
| Nombre de entidad corporativa o nombre de jurisdicción como elemento de entrada |
UNESCO |
| 905 ## - TIPO DE MATERIAL |
| Tipo de material |
UNESCO |